00483nam a2200169Ia 4500008004100000040001900041041001200060082002000072100002300092245007300115260002900188300001900217504001900236650001400255700002600269850001800295131103s9999 xx 000 0 und d aLoreto College aEnglish a920/WILbLCLIB/ aWilhelmina, H.R.H. aLonely but not alonecH.R.H.Wilhelmina; transleted by John Peereboom aLondonbHutchinsonc1960 a248p. c 22cm. aIncludes index aBiography aPeereboom, John; trl. aLCLIB/920/WIL